| 000 | 00750nam a22002057a 4500 | ||
|---|---|---|---|
| 999 |
_c19649 _d19649 |
||
| 003 | AR-CdUCM | ||
| 008 | 190518b ||||| |||| 00| 0 spa d | ||
| 040 |
_aMUNICIPALIDAD PROVINCIAL DEL CUSCO _cBIBLIOTECA MUNICIPAL DEL CUSCO |
||
| 082 |
_a333.980 / _bF81 |
||
| 100 |
_aFranco, Alberto _941106 |
||
| 245 | _aReforma agraria en la américa latina / | ||
| 260 |
_aMéxico : _bAID, _c1974. |
||
| 300 |
_a179 páginas ; _c23.5 cm. |
||
| 505 | _aContenido: Planteamiento y alcance de la reforma agraria -- Situación del sector agrario latinoamericano -- Causas aparentes de la situación agraria ... | ||
| 650 |
_aReforma _94889 |
||
| 650 |
_aAgraria _921115 |
||
| 650 |
_aAmérica latina _94491 |
||
| 942 |
_2ddc _cLIBROS |
||
| 945 |
_arah _d2019-05-18 |
||